Stray dog of anime (Record no. 87025)
[ view plain ]
| 000 -LEADER | |
|---|---|
| fixed length control field | 01631nam a2200337Ia 4500 |
| 082 04 - DEWEY DECIMAL CLASSIFICATION NUMBER | |
| Classification number | 791.43/34023/092 |
| 100 1# - MAIN ENTRY--AUTHOR NAME | |
| Personal name | Ruh, Brian. |
| 245 10 - TITLE STATEMENT | |
| Title | Stray dog of anime |
| 260 ## - PUBLICATION, DISTRIBUTION, ETC. (IMPRINT) | |
| Place of publication | New York : |
| Name of publisher | Palgrave Macmillan, |
| Year of publication | 2004. |
| 300 ## - PHYSICAL DESCRIPTION | |
| Number of Pages | x, 230 p., [16] p. of col. plates : |
| Other physical details | ill. |
| 505 0# - FORMATTED CONTENTS NOTE | |
| Formatted contents note | Ch. 1. An introduction to Oshii -- Ch. 2. Urusei Yatsura (1981-84) -- Ch. 3. Angel's egg (1985) -- Ch. 4. Twilight Q 2 : labyrinth objects file 538 (1987) -- Ch. 5. Mobile police patlabor (1988-93) -- Ch. 6. Ghost in the shell (1995) -- Ch. 7. Jin-roh (2000) and Blood the last vampire (2000) -- Ch. 8. A alon (2000) -- Ch. 9. Conclusion -- Mamoru Oshii filmography. |
| 650 #0 - SUBJECT ADDED ENTRY--TOPICAL TERM | |
| Topical Term | Animated films |
| 856 40 - ELECTRONIC LOCATION AND ACCESS | |
| Uniform Resource Identifier | http://site.ebrary.com/lib/rucke/Doc?id=10135734 |
No items available.
